| 000 | 01507nam a22002297a 4500 | ||
|---|---|---|---|
| 003 | DO-SdBJH | ||
| 005 | 20240522153014.0 | ||
| 008 | 240522b |||||||| |||| 00| 0 spa d | ||
| 040 |
_aDO-SdBJH _bspa _cDO-SdBJH |
||
| 090 |
_aTG EGCEMC _b02049 2022 |
||
| 100 | 1 |
_aVólquez Medina, Hermógenes _esustentante |
|
| 245 | 1 | 0 |
_aRol, limitaciones y desafíos de las operaciones de la Armada de República Dominicana en el maco de la convención del derecho de mar (CONVEMAR), 2022 / _cHermógenes Vólquez Medina, asesores Radhamés Vega Domínguez, Máximo J. Peña De León |
| 260 |
_aSanto Domingo Este : _bINSUDE, _c2022 |
||
| 300 | _axiii, 76 páginas, cuadros | ||
| 502 | _aTesis (Especialidad en Comando y Estado Mayor Conjunto) -- Instituto Superior para la Defensa (INSUDE). Escuela de Graduados en Comando y Estado Mayor “General de División Gregorio Luperón”, 2022. | ||
| 504 | _aIncluye referencias bibliográficas e índices | ||
| 505 | _aOrigen, evolución y transformaciones del derecho internacional del mar. -- La convención del derecho de mar de 1982 y sus implicaciones. -- Limitaciones y desafíos relacionados con las operaciones que realiza la Armada de República Dominicana para el cumplimiento de convemar | ||
| 700 | 1 |
_aVega Domíguez, Radhamés _easesor |
|
| 700 | 1 |
_aPeña De León, Máximo J. _easesor |
|
| 830 | _aINSUDE. Escuela de Graduados en Comando y Estado Mayor “General de División Gregorio Luperón”. Tesis y disertaciones academicas | ||
| 942 |
_2CL _cT |
||
| 999 |
_c7738 _d7738 |
||